<?xml version="1.0" encoding="UTF-8"?>
<collection xmlns="http://www.loc.gov/MARC21/slim">
  <record>
    <leader>00000nam  2200000   4500</leader>
    <controlfield tag="001">INLIS000000000005928</controlfield>
    <controlfield tag="005">20191011113741</controlfield>
    <datafield tag="035" ind1="#" ind2="#">
      <subfield code="a">0010-1019000047</subfield>
    </datafield>
    <controlfield tag="007">ta</controlfield>
    <controlfield tag="008">191011################g##########0#ind##</controlfield>
    <datafield tag="082" ind1="#" ind2="#">
      <subfield code="a">300</subfield>
    </datafield>
    <datafield tag="084" ind1="#" ind2="#">
      <subfield code="a">300 Koe i</subfield>
    </datafield>
    <datafield tag="100" ind1=" " ind2="#">
      <subfield code="a">Koentjaraningrat</subfield>
    </datafield>
    <datafield tag="245" ind1="1" ind2="#">
      <subfield code="a">Ilmu-Ilmu Sosial Dalam Pembangunan Kesehatan /</subfield>
      <subfield code="c">Koentjaraningrat</subfield>
    </datafield>
    <datafield tag="260" ind1="#" ind2="#">
      <subfield code="a">Jakarta :</subfield>
      <subfield code="b">PT. Gramedia,</subfield>
      <subfield code="c">1985</subfield>
    </datafield>
    <datafield tag="300" ind1="#" ind2="#">
      <subfield code="a">viii, 104 hal. :</subfield>
      <subfield code="b">ilus ;</subfield>
      <subfield code="c">21 cm</subfield>
    </datafield>
    <datafield tag="650" ind1="#" ind2="#">
      <subfield code="a">Kesehatan, Sosial</subfield>
    </datafield>
    <datafield tag="520" ind1="#" ind2="#">
      <subfield code="a">Upaya pembangunan dan peningkatan kesehatan memang bukan hanya suatu masalah biomedikal saja, melainkan mengandung banyak aspek yang hanya dapat dipercaya dengan kerja sama antara ilmu kesehatan dengan ilmu-ilmu lain, khususnya -ilmu sosial. Masalah ini lebih terasa relevansinya di negara-negara Dunia Ketiga, termasuk Indonesia, karena persepsi, sikap, dan perilaku seseorang anggota masyarakat di negara- negara ini sering kali masih ikut ditentukan oleh faktor lingkungan, sistem sosial, dan budaya dimana mereka hidup. Masalah-masalah yang diungkapkan dalam buku ini antara lain: apakah yang secara kongkret dapat disumbangkan para ilmuwan sosial: mengapa para ilmuwan kesehatan memerlukan bantuan ilmuwan sosial; apakah masalah-masalah sosial-budaya dalam pembangunan kesehatan yang dapat diteliti oleh para ilmuwan sosial; bagaimana cara mempranatakan serta melembagakan kerjasama antara para ilmuwan kesehatan dengan para ilmuwan sosial. Dalam buku ini juga dimuat tulisan yang memberikan contoh bagaimana data penelitian ilmu-ilmu sosial dapat menunjang penelitian ilmu-ilmu kesehatan.</subfield>
    </datafield>
    <datafield tag="856" ind1="#" ind2="#">
      <subfield code="a">Perpustakaan Lembaga Administrasi Negara</subfield>
    </datafield>
    <datafield tag="990" ind1="#" ind2="#">
      <subfield code="a">227203</subfield>
    </datafield>
    <datafield tag="990" ind1="#" ind2="#">
      <subfield code="a">227204</subfield>
    </datafield>
  </record>
</collection>
